La Construcción de la democracia en el campo latinoamericano /

Guardat en:
Dades bibliogràfiques
Autor principal: Grammont, Hubert C. de
Altres autors: comp
Format: Text
Publicat: Buenos Aires: CLACSO
Matèries:
Etiquetes: Afegir etiqueta
Sense etiquetes, Sigues el primer a etiquetar aquest registre!

MARC

LEADER 00000 a a2200000 04500
001 33089
003
040
090 |a 206403  
100 |a Grammont, Hubert C. de  
245 |a La Construcción de la democracia en el campo latinoamericano /  |c Hubert C. de Grammont 
260 |a Buenos Aires:   |b CLACSO  
300 |a 365 p.  
650 |a MOVIMIENTOS CAMPESINOS  
650 |a COMUNIDADES RURALES  
650 |a PROPIEDAD DE LA TIERRA  
650 |a PARAGUAY  
700 |a comp.  
999 |c 16706  |d 16706